Unemployment and technical innovation : A study of long waves and economic development

Uloženo v:
Podrobná bibliografie
Hlavní autor: Freeman, Christopher
Médium: Kniha
Jazyk:Undetermined
Vydáno: London Frances Pinter 1982
Témata:
Tagy: Přidat tag
Žádné tagy, Buďte první, kdo otaguje tento záznam!
Thư viện lưu trữ: Trung tâm Học liệu Trường Đại học Cần Thơ
LEADER 00571nam a2200181Ia 4500
001 CTU_77691
008 210402s9999 xx 000 0 und d
082 |a 331.13 
082 |b F855 
100 |a Freeman, Christopher 
245 0 |a Unemployment and technical innovation : 
245 2 |b A study of long waves and economic development 
245 0 |c Christopher Freeman 
260 |a London 
260 |b Frances Pinter 
260 |c 1982 
650 |a Economic development,Technological innovations,Unemployment 
980 |a Trung tâm Học liệu Trường Đại học Cần Thơ